LEADER 01240nam a2200289 i 4500 001 991003490499707536 008 180410s2017 it b 100 0 ita 020 $a9788891750778 035 $ab14341104-39ule_inst 040 $aBibl. Dip.le Aggr. Storia Società Studi sull'Uomo - Sez. Studi Storici$bita 082 04$a341.2309 245 00$a70 anni di storia dell'ONU, 60 anni di Italia all'ONU /$ca cura di Marco Mugnaini ; scritti di Franco Frattini ... [et al.] 246 33$a[Settanta] anni di storia dell'ONU, [sessanta] anni di Italia all'ONU 264 1$aMilano :$bFrancoAngeli,$c[2017] 300 $a365 p. ;$c23 cm. 490 0 $aPolitica/studi ;$v104 650 4$aNazioni Unite$xPartecipazione [dell'] Italia$xStoria 650 4$aNazioni Unite$xPartecipazione italiana 650 4$aNazioni Unite$y1945-1915 700 1 $aMugnaini, Marco 700 1 $aFrattini, Franco 907 $a.b14341104$b27-04-18$c10-04-18 912 $a991003490499707536 945 $aLE023 341.23 SET 1 1$g1$i2023000174388$lle023$og$pE38.00$q-$rl$s- $t0$u5$v1$w5$x0$y.i15843099$z10-04-18 996 $a70 anni di storia dell'ONU, 60 anni di Italia all'ONU$91505266 997 $aUNISALENTO 998 $ale023$b10-04-18$cm$da $e-$fita$git $h0$i0 LEADER 02773oam 2200805I 450 001 9910714634703321 005 20180924045447.8 024 8 $aGOVPUB-C13-a16c3d655120a7411d9dfa0fcaaf7367 035 $a(CKB)3710000001443599 035 $a(OCoLC)568754812$z(OCoLC)300496903$z(OCoLC)654464119$z(OCoLC)654772567 035 $a(OCoLC)993710000001443599 035 $a(EXLCZ)993710000001443599 100 $a20100323d1976 ua 0 101 0 $aeng 135 $aurbn||||||abp 135 $aurbn||||||ada 181 $ctxt$2rdacontent 182 $cc$2rdamedia 183 $acr$2rdacarrier 200 10$aComputers, health records, and citizen rights /$fAlan F. Westin ; sponsored by the Institute for Computer Sciences and Technology, National Bureau of Standards 210 1$aWashington :$cU.S. Department of Commerce, National Bureau of Standards,$d1976. 210 3$aWashington :$cU.S. Government Printing Office,$d1976. 215 $a1 online resource (xxi, 381 pages) $cillustrations 225 1 $aNBS monograph ;$v157 320 $aIncludes bibliographical references (pages 311-340). 606 $aMedical records$xAccess control 606 $aMedical records$xData processing 606 $aPrivacy, Right of$zUnited States 606 $aComputers 606 $aDossiers m edicaux$xAcc es$xContr ole 606 $aDossiers m edicaux$xInformatique 606 $aDroit a la vie priv ee$zEtats-Unis$xInformatique 606 $aMedical records$xAccess control$2fast 606 $aMedical records$xData processing$2fast 606 $aPrivacy, Right of$2fast 606 $aMedical Records 606 $aCivil Rights 606 $aConfidentiality 607 $aUnited States$2fast 615 0$aMedical records$xAccess control. 615 0$aMedical records$xData processing. 615 0$aPrivacy, Right of 615 2$aComputers. 615 6$aDossiers m edicaux$xAcc es$xContr ole. 615 6$aDossiers m edicaux$xInformatique. 615 6$aDroit a la vie priv ee$xInformatique. 615 7$aMedical records$xAccess control. 615 7$aMedical records$xData processing. 615 7$aPrivacy, Right of. 615 12$aMedical Records. 615 22$aCivil Rights. 615 22$aConfidentiality. 676 $a602/.1 s 676 $a651.5 700 $aWestin$b Alan F.$0123984 712 02$aUnited States.$bNational Bureau of Standards. 801 0$bOCLCE 801 1$bOCLCE 801 2$bOCLCQ 801 2$bOCLCF 801 2$bOCLCO 801 2$bOCLCQ 801 2$bOCLCO 801 2$bUCO 801 2$bOCLCO 801 2$bOCLCA 906 $aBOOK 912 $a9910714634703321 996 $aComputers, health records, and citizen rights$93460595 997 $aUNINA